00621nam a2200169 a 450000100100000000500170001000800410002704000250006808200150009310000300010824501010013826000540023930000190029304900090031295201130032199900170043400003198720240228134240.0110707s1976 dr 000 | spa d aDO-SdBNPbspacBNPHU axxxbC744p1 aConcepción, Mario9217813aEl periodismo en la Vega :bcharla ofrecida en el Club rotario de la Vega /cMario Concepción. aLa Vega, República Dominicana :b[s.n.],c1976. a6 p. ;c13 cm. aBNPD 0010718PDaPDbPDcCTd2011-07-07iLF1l0oxxx C744pp31987-10r2020-06-25w2020-06-25yLFPDZNo se presta c31478d31478